Diálogos apócrifos y dudosos cartas y fragmentos

Guardat en:
Dades bibliogràfiques
Autor principal: Platón (Autor)
Format: Llibre
Idioma:espanyol
Publicat: Madrid Imprenta de L. Rubio 1928
Matèries:
Etiquetes: Afegir etiqueta
Sense etiquetes, Sigues el primer a etiquetar aquest registre!

MARC

LEADER 00000nam a2200000 a 4500
001 UCX5392
003 CL-VaPUC
008 921109e19280000SP |||||||||||||||||spa|d
082 0 4 |a 184  |b PLA  |2 21 
100 0 |a Platón  |e author  |9 222 
245 1 0 |a Diálogos apócrifos y dudosos cartas y fragmentos 
300 |a 396 p 
942 |c BK 
945 |d 19921109 00:00:00 
260 |a Madrid  |b Imprenta de L. Rubio  |c 1928 
600 0 7 |a PLATON  |2 CL-VaPUC  |9 222 
583 |a last modification  |c 19921109 00:00:00  |k Rodrigo Vera 
999 |c 225649  |d 225647 
952 |0 0  |1 0  |4 0  |6 184_000000000000000_PLA_1928  |7 0  |8 P  |9 223373  |a BIBTEO  |b BIBTES  |c TEO_FTES  |d 2019-11-15  |i 2922029  |o 184 PLA 1928  |p 2922029  |r 2024-01-18  |w 2019-11-15  |y BK  |k ICR